Digital telephony (Record no. 3592)

000 -LEADER
fixed length control field 00571nam a2200217 a 4500
001 - CONTROL NUMBER
control field 3592
003 - CONTROL NUMBER IDENTIFIER
control field BD-DhUET
008 - FIXED-LENGTH DATA ELEMENTS--GENERAL INFORMATION
fixed length control field 900501s1991 nyua b 001 0 eng
020 ## - INTERNATIONAL STANDARD BOOK NUMBER
International Standard Book Number 0471620564
040 ## - CATALOGING SOURCE
Original cataloging agency DLC
Transcribing agency DLC
Modifying agency BD-DhUET
082 ## - DEWEY DECIMAL CLASSIFICATION NUMBER
Classification number 623.85
Item number BEL/1991
100 ## - MAIN ENTRY--PERSONAL NAME
Personal name Bellamy, John
245 10 - TITLE STATEMENT
Title Digital telephony
250 ## - EDITION STATEMENT
Edition statement 2nd ed.
260 ## - PUBLICATION, DISTRIBUTION, ETC. (IMPRINT)
Place of publication, distribution, etc. New York
Name of publisher, distributor, etc. John wiley & sons
Date of publication, distribution, etc. 1991
300 ## - PHYSICAL DESCRIPTION
Extent xix, 572 p.
Other physical details ill.
Dimensions 25 cm.
490 ## - SERIES STATEMENT
Series statement Wiley Series in telecommunications
504 ## - BIBLIOGRAPHY, ETC. NOTE
Bibliography, etc Includes bibliographies
650 #0 - SUBJECT ADDED ENTRY--TOPICAL TERM
Topical term or geographic name as entry element Digital telephony
942 ## - ADDED ENTRY ELEMENTS (KOHA)
Koha item type General Book
Holdings
Location (home branch) Piece designation (barcode) Koha full call number Copy number Koha date last borrowed Koha issues (times borrowed) Koha item type Not for loan Source of classification or shelving scheme Date acquired Price effective from Koha date last seen Damaged status Sublocation or collection (holding branch) Lost status Koha normalized classification for sorting Withdrawn status Shelving location
Central Library, BUET83618623.85/BEL/199112015-10-102General Book  2014-11-022014-11-022016-02-06 Central Library, BUET 623_000000000000000_85BEL1991 Circulation section
Central Library, BUET83620623.85/BEL/19912  General Book  2014-11-022014-11-022017-08-26 Central Library, BUET 623_000000000000000_85BEL1991 Circulation section
Central Library, BUET83623623.85/BEL/19913  General Book  2014-11-022014-11-022017-08-16 Central Library, BUET 623_000000000000000_85BEL1991 Circulation section
Central Library, BUET86339623.85/BEL/199142023-03-072General Book  2014-11-022014-11-022024-02-20 Central Library, BUET 623_850000000000000_BEL_1991 Circulation section
Central Library, BUET87594623.85/BEL/19915  Reading Item  2015-07-012015-07-012015-07-01 Central Library, BUET 623_850000000000000_BEL_1991 Reading section
Central Library, BUET83563623.85 BEL/1991ক-১  Rental Item  1992-06-062024-12-092024-12-09 Central Library, BUET 623_850000000000000_BEL_1991 Rental section
Central Library, BUET83564623.85 BEL/1991ক-২  Rental Item  1992-06-062024-12-092024-12-09 Central Library, BUET 623_850000000000000_BEL_1991 Rental section
Central Library, BUET83565623.85 BEL/1991ক-৩  Rental Item  1992-06-062024-12-092024-12-09 Central Library, BUET 623_850000000000000_BEL_1991 Rental section
Central Library, BUET83566623.85 BEL/1991ক-৪  Rental Item  1992-06-062024-12-092024-12-09 Central Library, BUET 623_850000000000000_BEL_1991 Rental section
Central Library, BUET83567623.85 BEL/1991ক-৫  Rental Item  1992-06-062024-12-092024-12-09 Central Library, BUET 623_850000000000000_BEL_1991 Rental section
Central Library, BUET83568623.85 BEL/1991ক-৬  Rental Item  1992-06-062024-12-092024-12-09 Central Library, BUET 623_850000000000000_BEL_1991 Rental section
Central Library, BUET83569623.85 BEL/1991ক-৭  Rental Item  1992-06-062024-12-092024-12-09 Central Library, BUET 623_850000000000000_BEL_1991 Rental section
Central Library, BUET83570623.85 BEL/1991ক-৮  Rental Item  1992-06-062024-12-092024-12-09 Central Library, BUET 623_850000000000000_BEL_1991 Rental section
Central Library, BUET83571623.85 BEL/1991ক-৯  Rental Item  1992-06-062024-12-092024-12-09 Central Library, BUET 623_850000000000000_BEL_1991 Rental section
Central Library, BUET83572623.85 BEL/1991ক-১০  Rental Item  1992-06-062024-12-092024-12-09 Central Library, BUET 623_850000000000000_BEL_1991 Rental section
Central Library, BUET83573623.85 BEL/1991ক-১১  Rental Item  1992-06-062024-12-092024-12-09 Central Library, BUET 623_850000000000000_BEL_1991 Rental section
Central Library, BUET83574623.85 BEL/1991ক-১২  Rental Item  1992-06-062024-12-092024-12-09 Central Library, BUET 623_850000000000000_BEL_1991 Rental section
Central Library, BUET83575623.85 BEL/1991ক-১৩  Rental Item  1992-06-062024-12-092024-12-09 Central Library, BUET 623_850000000000000_BEL_1991 Rental section
Central Library, BUET83576623.85 BEL/1991ক-১৪  Rental Item  1992-06-062024-12-092024-12-09 Central Library, BUET 623_850000000000000_BEL_1991 Rental section
Central Library, BUET83577623.85 BEL/1991ক-১৫  Rental Item  1992-06-062024-12-092024-12-09 Central Library, BUET 623_850000000000000_BEL_1991 Rental section